Understanding sonet/SDH and ATM : (Record no. 132990)

MARC details
000 -LEADER
fixed length control field 00830nam a22002657a 4500
003 - CONTROL NUMBER IDENTIFIER
control field 0
005 - DATE AND TIME OF LATEST TRANSACTION
control field 20180731160036.0
008 - FIXED-LENGTH DATA ELEMENTS--GENERAL INFORMATION
fixed length control field 0
010 ## - LIBRARY OF CONGRESS CONTROL NUMBER
LC control number B-025999
020 ## - INTERNATIONAL STANDARD BOOK NUMBER
International Standard Book Number 8120317122
Terms of availability 225.00
035 ## - SYSTEM CONTROL NUMBER
System control number B-025999, B-026000
037 ## - SOURCE OF ACQUISITION
Source of stock number/acquisition Cen Lib/Ret
040 ## - CATALOGING SOURCE
Original cataloging agency DPL
Language of cataloging EN
Transcribing agency 0
082 ## - DEWEY DECIMAL CLASSIFICATION NUMBER
Classification number 004.69
Item number KAR
100 ## - MAIN ENTRY--PERSONAL NAME
Personal name Kartalopoulos, Stamations V.
9 (RLIN) 36435
245 ## - TITLE STATEMENT
Title Understanding sonet/SDH and ATM :
Statement of responsibility, etc by Stamations V. Kartalopoulos
Remainder of title communications networks for the next millennium /
250 ## - EDITION STATEMENT
Edition statement 6th ed
260 ## - PUBLICATION, DISTRIBUTION, ETC. (IMPRINT)
Place of publication, distribution, etc New Delhi
Name of publisher, distributor, etc Prentice hall of India
Date of publication, distribution, etc 2000
270 ## - ADDRESS
Address M-97, Connaught circus
City New Delhi
Postal code 110001
300 ## - PHYSICAL DESCRIPTION
Extent xvi257p.
Dimensions 21cm(Hb)
500 ## - GENERAL NOTE
General note Includes index
650 ## - SUBJECT ADDED ENTRY--TOPICAL TERM
Topical term or geographic name as entry element Computer science
9 (RLIN) 36436
650 ## - SUBJECT ADDED ENTRY--TOPICAL TERM
Topical term or geographic name as entry element Coomunations networks
9 (RLIN) 36437
942 ## - ADDED ENTRY ELEMENTS (KOHA)
Source of classification or shelving scheme Dewey Decimal Classification
Koha item type English Books
Classification part 004.69
Call number suffix KAR
Holdings
Withdrawn status Lost status Damaged status Not for loan Home library Current library Date acquired Source of acquisition Cost, normal purchase price Total Checkouts Full call number Barcode Date last seen Date checked out Copy number Cost, replacement price Price effective from Koha item type Source of classification or shelving scheme Collection code
        Central Library Central Library 24/07/2015 Cen Lib/Ret 225.00 1 004.69 KAR B-025999 26/08/2017 12/08/2017 1 225.00 24/07/2015 English Books    
        Patel Nagar Patel Nagar 31/07/2018 BPPD/PUB 225.00   004.69 KAR B-026000 31/07/2018     225.00 31/07/2018 English Books Dewey Decimal Classification Non-fiction

© Delhi Public Library
Hit Counter
free hit counter